Aktivity denných študentov vysokých škôl na Slovensku v kontexte zamestnania a trhu práce
Aký podiel študentov počas semestra pracuje. Koľko hodín týždenne študenti pracujú. Dôvody, prečo študenti pracujú a či práca súvisí s ich štúdijným programom.
Guardado en:
| Autor principal: | |
|---|---|
| Formato: | Capítulo de libro |
| Lenguaje: | eslovaco |
| Materias: | |
| Etiquetas: |
Sin Etiquetas, Sea el primero en etiquetar este registro!
|
MARC
| LEADER | 00000naa a2200000 4500 | ||
|---|---|---|---|
| 001 | 0240874 | ||
| 005 | 20220715112305.8 | ||
| 041 | 0 | |a slo | |
| 044 | |a SK | ||
| 245 | 1 | 0 | |a Aktivity denných študentov vysokých škôl na Slovensku v kontexte zamestnania a trhu práce |c Roman Kollár |
| 520 | |a Aký podiel študentov počas semestra pracuje. Koľko hodín týždenne študenti pracujú. Dôvody, prečo študenti pracujú a či práca súvisí s ich štúdijným programom. | ||
| 610 | 2 | 0 | |a študenti |
| 610 | 2 | 0 | |a školy vysoké |
| 610 | 2 | 0 | |a výskum práce |
| 610 | 2 | 0 | |a výskum aplikovaný |
| 610 | 2 | 0 | |a univerzity |
| 610 | 2 | 0 | |a zamestnanie |
| 610 | 2 | 0 | |a zamestnanosť |
| 100 | 1 | |a Kollár, Roman | |